| 000 | 01304nam a2200265Ia 4500 | ||
|---|---|---|---|
| 999 |
_c38680 _d38680 |
||
| 001 | 4923 | ||
| 003 | GE_BSU | ||
| 005 | 20190806152102.0 | ||
| 008 | 181216s2010||||ge |||||||||||||| ||geo|| | ||
| 020 | _a9789941915949 | ||
| 040 | _cGE_BSU | ||
| 041 | _ageo | ||
| 080 | _a611.9(075.8) ტ-70 | ||
| 245 |
_aტოპოგრაფიული ანატომია და ოპერაციული ქირურგია : _bსახელმძღვ. თსუ-ს სტუდ. / _cშ.თოიძე, ლ. კიკალიშვილი, ე. ყიფიანი ; რედ. ნ. ჯავახიშვილი. |
||
| 264 |
_aთბილისი : _bკალიგრაფი ; _c2010. |
||
| 300 |
_a510გვ.: _bილ. ; _c29 სმ. |
||
| 541 | _h52ლ.50თ. | ||
| 653 | _aმედიცინა | ||
| 653 | _aტოპოგრაფიული ანატომია და ოპერაციული ქირურგია | ||
| 700 |
_aთოიძე, შ. _eავტორი _93417 |
||
| 700 |
_aკიკალიშვილი, ლ. _eავტორი _93418 |
||
| 700 |
_aყიფიანი, ე. _eავტორი _93419 |
||
| 700 |
_aჯავახიშვილი, ნ. _eრედაქტორი _93420 |
||
| 942 |
_cBK _2udc |
||